Dynamics of management of public enterprises (Record no. 348136)

000 -LEADER
fixed length control field 00443cam a22001337a 4500
008 - FIXED-LENGTH DATA ELEMENTS--GENERAL INFORMATION
fixed length control field 180718b1989 xxu||||| |||| 00| 0 eng d
082 ## - DEWEY DECIMAL CLASSIFICATION NUMBER
Classification number U6x54 K541
245 ## - TITLE STATEMENT
Title Dynamics of management of public enterprises
Statement of responsibility, etc. edited by Waris R. Kidwai and Baldeo Sahai
260 ## - PUBLICATION, DISTRIBUTION, ETC.
Place of publication, distribution, etc. Delhi
Name of publisher, distributor, etc. Standin Conference of Public Enterprises
Date of publication, distribution, etc. 1989
300 ## - PHYSICAL DESCRIPTION
Extent 569p.
650 ## - SUBJECT ADDED ENTRY--TOPICAL TERM
Topical term or geographic name entry element Government Enterprises - India
700 ## - ADDED ENTRY--PERSONAL NAME
Personal name Sahai, Baldeo
700 ## - ADDED ENTRY--PERSONAL NAME
Personal name Kidwai, Waris R.
Holdings
Withdrawn status Lost status Damaged status Not for loan Permanent Location Current Location Date acquired Full call number Barcode Date last seen Price effective from Koha item type
        Indian Institute of Public Administration Indian Institute of Public Administration 2010-02-24 U6x54 K541 66230 2018-07-21 2018-07-21 Book

Powered by Koha